000 00701nam a2200253 i 4500
001 C2-0073124
003 PPAK
005 20190630222223.0
008 970429s1992 my |||| ||||| | may d
020 _a9836214933
040 _aPPAK
_beng
_cPPAK
_erda
082 0 4 _a297.246
_223
090 0 0 _a297.246
_bHAM
_dG
090 0 0 _a297.246
_bHAM
_dKIH
100 0 _aHamdan Hassan,
_eauthor
245 1 0 _aSurat al-Anbiya
264 1 _aKuala Lumpur :
_bDewan Bahasa dan Pustaka ,
_c1992
300 _axl, 868 pages ;
_c22 cm
336 _2rdacontent
_atext
337 _2rdamedia
_aunmediated
338 _2rdacarrier
_avolume
650 1 0 _aProphets, Pre-Islamic ; Islamic law - Sources
942 _ddc
_cB
999 _c9839
_d9839